La ideología de la burguesia agraría en México /
Guardat en:
| Autor principal: | |
|---|---|
| Format: | Text |
| Matèries: | |
| Etiquetes: |
Afegir etiqueta
Sense etiquetes, Sigues el primer a etiquetar aquest registre!
|
MARC
| LEADER | 00000 a a2200000 04500 | ||
|---|---|---|---|
| 001 | 44164 | ||
| 003 | |||
| 040 | |||
| 100 | |a Calvo D, Pilar | ||
| 245 | |a La ideología de la burguesia agraría en México / |c Pilar Calvo D | ||
| 650 | |a BURGUESIA | ||
| 650 | |a MEXICO | ||
| 650 | |a SECTOR AGROPECUARIO | ||
| 650 | |a PODER POLITICO | ||
| 773 | |g volumen34, número3 (1972), Páginas 713-739 | ||
| 999 | |c 24390 |d 24390 | ||
